Plan Decenal de Educación Superior 2008-2018. Área Cobertura y Equidad (Record no. 8359)

MARC details
000 -LEADER
campo de control de longitud fija 00493nam a2200145Ia 4500
001 - NÚMERO DE CONTROL
campo de control 2006
008 - DATOS DE LONGITUD FIJA--INFORMACIÓN GENERAL
campo de control de longitud fija 241024s9999 xx 000 0 und d
082 ## - NÚMERO DE LA CLASIFICACIÓN DECIMAL DEWEY
Número de clasificación RD/378.7293/R426p/2008-2018/v.4
100 ## - ENTRADA PRINCIPAL--NOMBRE DE PERSONA
Nombre de persona República Dominicana. Secretaría de Estado de Educación Superior, Ciencia y Tecnología (SEESCYT)
245 #0 - MENCIÓN DEL TÍTULO
Título Plan Decenal de Educación Superior 2008-2018. Área Cobertura y Equidad
260 ## - PUBLICACIÓN, DISTRIBUCIÓN, ETC.
Nombre del editor, distribuidor, etc. Santo Domingo
Fecha de publicación, distribución, etc. 2008
590 ## - NOTA LOCAL (RLIN)
Nota local si
901 ## - ELEMENTOS DE DATOS A LOCAL LDA (RLIN)
a 7/11/2011 10:59:05 a.m.

No items available.

© 2024. Todos los Derechos Reservados. Desarrollado por IDEICE